[Event "Schleswig Holstein-ch Seniors op"]
[Site "Buesum"]
[Date "2014.10.02"]
[Round "8"]
[White "Smits, Oswald"]
[Black "Wanka, Gerd"]
[Result "1/2-1/2"]
[WhiteElo "1899"]
[BlackElo "1644"]
[PlyCount "97"]
[EventDate "2014.09.25"]
[EventType "swiss"]
[EventRounds "9"]
[EventCountry "GER"]
[SourceTitle "EXT 2018"]
[Source "ChessBase"]
[SourceDate "2017.10.13"]
[SourceVersion "1"]
[SourceVersionDate "2017.10.13"]
[SourceQuality "1"]

1. d4 d5 2. Nf3 Nf6 3. e3 g6 4. c4 e6 5. Nc3 c6 6. Be2 Bg7 7. b3 0-0 8. 0-0 Nbd7 9. Bb2 Ne8 10. Ba3 dxc4 11. Bxf8 Nxf8 12. bxc4 Qc7 13. Qb3 Nf6 14. h3 b6 15. Rab1 N8d7 16. Nd2 Rb8 17. Bf3 Bb7 18. Rfc1 Qd8 19. Qa4 c5 20. Bxb7 Rxb7 21. Qa6 Rc7 22. Qb5 cxd4 23. exd4 Qc8 24. Qb3 Ne8 25. Ne2 e5 26. Qe3 exd4 27. Nxd4 Nc5 28. Nb5 Rd7 29. Re1 Nf6 30. Nb3 Bf8 31. Qf3 Kg7 32. Rbd1 Rxd1 33. Rxd1 Qe6 34. Rc1 Qd7 35. Qe3 Nxb3 36. axb3 Bc5 37. Qe2 Qf5 38. Nc3 Qf4 39. Rc2 Qd4 40. Qd1 Qf4 41. Nd5 Nxd5 42. Qxd5 a5 43. g3 Qxg3+ 44. Qg2 Qxb3 45. Qe4 Qxh3 46. Qe5+ f6 47. Qc7+ Kh6 48. Qf4+ Kg7 49. Qc7+ 1/2-1/2

[Event "Schleswig Holstein-ch Seniors op"]
[Site "Buesum"]
[Date "2014.10.01"]
[Round "7"]
[White "Wanka, Gerd"]
[Black "Garms, Ilse"]
[Result "1-0"]
[WhiteElo "1644"]
[BlackElo "1753"]
[PlyCount "91"]
[EventDate "2014.09.25"]
[EventType "swiss"]
[EventRounds "9"]
[EventCountry "GER"]
[SourceTitle "EXT 2018"]
[Source "ChessBase"]
[SourceDate "2017.10.13"]
[SourceVersion "1"]
[SourceVersionDate "2017.10.13"]
[SourceQuality "1"]

1. d4 d5 2. Nf3 Nf6 3. h3 e6 4. c3 c5 5. Nbd2 cxd4 6. Nxd4 Be7 7. e3 Bd7 8. N2f3 Nc6 9. Bb5 0-0 10. Bxc6 Qc7 11. Bxd7 Nxd7 12. 0-0 a6 13. Qb3 Nc5 14. Qc2 Ne4 15. Nd2 Nf6 16. Re1 Qe5 17. N2f3 Qh5 18. Qe2 Bd6 19. Nh2 Qg6 20. Ng4 Ne4 21. Nf3 f6 22. Nd2 Nc5 23. e4 f5 24. e5 Bc7 25. Nh2 Nd7 26. Ndf3 Bb6 27. Be3 Bc7 28. Bd4 f4 29. Rad1 Qe8 30. Qd3 Rf5 31. Kf1 Qh5 32. Ng4 Qf7 33. Rd2 h5 34. Ngh2 g5 35. Ke2 Nxe5 36. Bxe5 Bxe5 37. Kd1 Bc7 38. Nd4 Rf6 39. Nhf3 Rg6 40. Ne5 Bxe5 41. Rxe5 Re8 42. Ree2 g4 43. hxg4 Rxg4 44. f3 Rg7 45. Nxe6 Rg6 46. Ng5 1-0

[Event "Schleswig Holstein-ch Seniors op"]
[Site "Buesum"]
[Date "2014.09.26"]
[Round "2"]
[White "Brandt, Fred"]
[Black "Wanka, Gerd"]
[Result "1/2-1/2"]
[WhiteElo "1872"]
[BlackElo "1644"]
[PlyCount "108"]
[EventDate "2014.09.25"]
[EventType "swiss"]
[EventRounds "9"]
[EventCountry "GER"]
[SourceTitle "EXT 2018"]
[Source "ChessBase"]
[SourceDate "2017.10.13"]
[SourceVersion "1"]
[SourceVersionDate "2017.10.13"]
[SourceQuality "1"]

1. d4 d5 2. Nf3 Nf6 3. e3 c6 4. Bd3 Bg4 5. Nbd2 Nbd7 6. h3 Bh5 7. c3 e5 8. dxe5 Nxe5 9. Be2 Bxf3 10. Nxf3 Nxf3+ 11. Bxf3 Bd6 12. 0-0 0-0 13. Re1 Re8 14. Bd2 Qc7 15. Rc1 Rad8 16. c4 dxc4 17. Rxc4 Re6 18. Qc2 Rde8 19. b4 Re5 20. Bc3 R5e6 21. Bxf6 Rxf6 22. Rd1 g6 23. b5 c5 24. Bg4 b6 25. h4 h5 26. Bf3 Rd8 27. Bc6 Bh2+ 28. Kf1 Rxd1+ 29. Qxd1 Rd6 30. Qc2 Rf6 31. Re4 Bg3 32. f3 Rd6 33. Re8+ Kg7 34. Qc3+ Rf6 35. Re4 Qd6 36. Ke2 Bh2 37. a4 Qg3 38. Kf1 Qd6 39. Qe1 Bg3 40. Qe2 Re6 41. Rc4 Qe5 42. Rc1 Qxe3 43. Rc2 Qxe2+ 44. Rxe2 Rxe2 45. Kxe2 Bxh4 46. Ke3 Kf6 47. Ke4 Ke7 48. Bd5 f6 49. Bc4 Bf2 50. Kf4 h4 51. Kg4 g5 52. Kf5 Bd4 53. Kg6 Kd6 54. Kf5 Bc3 1/2-1/2

[Event "Mecklenburg VP-ch Seniors op 08th"]
[Site "Plau am See"]
[Date "2008.10.13"]
[Round "8"]
[White "Assmann, Hans"]
[Black "Wanka, Gerd"]
[Result "1/2-1/2"]
[WhiteElo "1600"]
[BlackElo "1483"]
[PlyCount "57"]
[EventDate "2008.10.06"]
[EventType "swiss"]
[EventRounds "9"]
[EventCountry "GER"]
[SourceTitle "EXT 2022"]
[Source "ChessBase"]
[SourceDate "2021.10.06"]
[SourceVersion "1"]
[SourceVersionDate "2021.10.06"]
[SourceQuality "1"]

1. e4 e5 2. Nc3 c6 3. Bc4 Qe7 4. Nf3 h6 5. d4 d6 6. Be3 Nf6 7. dxe5 dxe5 8. h3 g5 9. Qd3 g4 10. hxg4 Bxg4 11. 0-0-0 Nbd7 12. Rd2 0-0-0 13. Ng5 Be6 14. Nxe6 fxe6 15. f3 Bg7 16. Qd6 Qxd6 17. Rxd6 Nb6 18. Rxd8+ Rxd8 19. Bxb6 axb6 20. Bxe6+ Kc7 21. Nd1 h5 22. Ne3 Bh6 23. Re1 h4 24. Bc4 Nh5 25. Be6 Nf4 26. Bh3 Nxh3 27. gxh3 Rf8 28. Kd1 Rxf3 29. Nf5 1/2-1/2